Stát zas mezi vrátky... /

Main Author: Gerzanic-Hons, Hana, 1928-2023
Other Authors: Krist, Miloslav, 1963-
Language: Czech
Published: Plzeň : Miloslav Krist - ArtKrist, 2015
Edition: Druhé doplněné vydání
Subjects:
Physical Description: 159 stran : ilustrace (některé barevné), portréty, faksimile ; 21 cm
Book
Saved in:
LEADER 02034nam a2200553 i 4500
001 nkc20152719480
003 CZ PrNK
005 20150813093749.0
007 ta
008 150713s2015 xr ach e 000 0acze
015 |a cnb002719480 
020 |a 978-80-905499-5-1  |q (brožováno) 
035 |a (OCoLC)920663078 
040 |a OLA001  |b cze  |e rda 
043 |a u-at--- 
045 |a x2y1 
072 7 |a 821.162.3.09  |x Česká literatura (o ní)  |2 Konspekt  |9 11 
072 7 |a 929  |x Biografie  |2 Konspekt  |9 8 
080 |a 821.162.3-1-055.2  |2 MRF 
080 |a 929  |2 MRF 
080 |a 314.15-026.44  |2 MRF 
080 |a (94)  |2 MRF 
080 |a (0:82-94)  |2 MRF 
100 1 |a Gerzanic-Hons, Hana,  |d 1928-2023  |7 jn20000400770  |4 aut 
245 1 0 |a Stát zas mezi vrátky... /  |c Hana Gerzanicová, Miloslav Krist 
250 |a Druhé doplněné vydání 
264 1 |a Plzeň :  |b Miloslav Krist - ArtKrist,  |c 2015 
300 |a 159 stran :  |b ilustrace (některé barevné), portréty, faksimile ;  |c 21 cm 
336 |a text  |b txt  |2 rdacontent 
337 |a bez média  |b n  |2 rdamedia 
338 |a svazek  |b nc  |2 rdacarrier 
504 |a Obsahuje bibliografii 
600 1 7 |a Gerzanic-Hons, Hana,  |d 1928-2023  |7 jn20000400770  |2 czenas 
648 7 |a 20.-21. století  |7 ch462155  |2 czenas 
648 7 |a 20. století  |7 ch460558  |2 czenas 
648 4 |a 1928-2013 
650 0 7 |a české básnířky  |7 ph307594  |y 20.-21. století  |2 czenas 
650 0 7 |a emigrace a imigrace  |7 ph137594  |z Austrálie  |y 20. století  |2 czenas 
650 0 9 |a Czech women poets  |y 20th-21st centuries  |2 eczenas 
650 0 9 |a emigration and immigration  |z Australia  |y 20th century  |2 eczenas 
655 7 |a autobiografické vzpomínky  |7 fd131854  |2 czenas 
655 9 |a autobiographical reminiscences  |2 eczenas 
700 1 |a Krist, Miloslav,  |d 1963-  |7 pna2005274571  |4 aut 
910 2 |a BOA001  |b 2-1349.876 
928 9 |a ArtKrist 
990 |a BK 
995 |a 01 
991 |b 201507  |c NOV  |e n 
996 6 |b 2610639011  |c 2-1349.876  |l MZK  |r Sklad / do 1 hodiny  |n 0  |p p.v.  |w 001514763  |u 000010  |a 1  |e BOA001  |j MZK50  |s P